000 00950nac a22002657a 4500
001 BR6005780
003 BR-BrBNA
005 20240105113135.0
008 230509b bl.|||m| |||| 00| 0 por d
040 _aBR-BrBNA
_bpor
_cBiblioteca Nacional de Agricultura
072 _aF00
090 _a1930 BR6005780
110 1 _aDepartamento Nacional da Produccao Animal, Rio de Janeiro, GB (Brasil). Seccao de Agrostologia e Alimentacao dos Animais
_93250
245 1 _aO capim de rhodes (Chloris gayana Kunth)
250 1 _a3. ed.
260 3 _aRio de Janeiro, GB (Brasil):
_c1934.
300 _a12 p.
490 _aPublicacao - Departamento Nacional da Produccao Animal. Seccao de Agrostologia e Alimentacao dos Animais (Brazil)
_vno. 2
_x
650 _aProducao vegetal
650 _aCapim de rhodes
650 _aGraminea forrageira
650 _aPratica cultural
909 _a202312
_bLúcia Elande
_c55
_dLúcia Elande
942 _2AGRIS
_n0
_cMS
999 _c262110
_d262110